Behavior of the structure of different materials under static force
The subject of rheology is the study of force-induced deformation and creep in materials, taking into account the effect of time too. The purpose of the measurements is to study time-dependent tension-deformation correlations, which include creep and tension-relaxation parameters, and viscosity. Due...
Elmentve itt :
| Szerzők: | |
|---|---|
| Dokumentumtípus: | Cikk |
| Megjelent: |
University of Szeged, Faculty of Engineering
Szeged
2020
|
| Sorozat: | Analecta technica Szegedinensia
14 No. 2 |
| Kulcsszavak: | Folyadékok mechanikája |
| Tárgyszavak: | |
| doi: | 10.14232/analecta.2020.2.61-68 |
| Online Access: | http://acta.bibl.u-szeged.hu/71830 |
| LEADER | 01643nab a2200253 i 4500 | ||
|---|---|---|---|
| 001 | acta71830 | ||
| 005 | 20260224081030.0 | ||
| 008 | 210205s2020 hu o 000 eng d | ||
| 022 | |a 2064-7964 | ||
| 024 | 7 | |a 10.14232/analecta.2020.2.61-68 |2 doi | |
| 040 | |a SZTE Egyetemi Kiadványok Repozitórium |b hun | ||
| 041 | |a eng | ||
| 100 | 2 | |a P. Szabó Balázs | |
| 245 | 1 | 0 | |a Behavior of the structure of different materials under static force |h [elektronikus dokumentum] / |c P. Szabó Balázs |
| 260 | |a University of Szeged, Faculty of Engineering |b Szeged |c 2020 | ||
| 300 | |a 61-68 | ||
| 490 | 0 | |a Analecta technica Szegedinensia |v 14 No. 2 | |
| 520 | 3 | |a The subject of rheology is the study of force-induced deformation and creep in materials, taking into account the effect of time too. The purpose of the measurements is to study time-dependent tension-deformation correlations, which include creep and tension-relaxation parameters, and viscosity. Due to the characteristic structure of biological materials, we try to introduce rheology through different materials. Our samples also include soft, semi-hard and hard materials from fish meat to human teeth. It is very clear from the obtained results that the internal structure of each material is influenced by many factors. These factors also interact with each other and they cannot be standardized in a single study. | |
| 650 | 4 | |a Természettudományok | |
| 650 | 4 | |a Fizikai tudományok | |
| 695 | |a Folyadékok mechanikája | ||
| 700 | 0 | 1 | |a Zakupszki Zita |e aut |
| 700 | 0 | 1 | |a Szabó Balázs |e aut |
| 856 | 4 | 0 | |u http://acta.bibl.u-szeged.hu/71830/1/engineering_2020_002_061-068.pdf |z Dokumentum-elérés |